=LDR 00000nam 2200000 4500 =001 INLIS000000000063017 =005 20240123022328 =035 ##$$a 0010-1123000048 =007 ta =008 240123################g##########0#ind## =245 1#$$a Tuntunan shalat wajib dan shalat sunnah /$c Yardan Zaky Al-Faruq =250 ##$$a Cetakan I, 2011 =300 ##$$a viii, 256 halaman ; $c 21 cm =020 ##$$a 978-979-6022-58-8 =041 ##$$a ind =082 ##$$a 297.121 =084 ##$$a 297.121 YAR t =264 ##$:$b Sarana Media,$c 2011 =336 ##$$a teks$2 rdacontent =337 ##$$a tanpa perantara$2 rdamedia =338 ##$$a volume$2 rdacarrier =650 #4$$a Shalat Wajib =990 ##$$a 5202301299 =990 ##$$a 5202301299